| 000 | 01031aam a2200397 4500 | ||
|---|---|---|---|
| 008 | 240222s2023 o 01 cat d | ||
| 017 | _aT-675-2023 | ||
| 020 | _a9788491565376 | ||
| 020 | _a9788413563015 | ||
| 041 | _acat | ||
| 041 | _bspa | ||
| 080 | _a502.2 | ||
| 100 |
_aBarnola, Pere _975499 |
||
| 245 |
_aGuia de flora urbana de Barcelona _cPere Barnola, Josep M. Panareda |
||
| 260 |
_aValls _bCossetània |
||
| 260 |
_aBarcelona _bAjuntament de Barcelona _c2023 |
||
| 300 | _a131 p. | ||
| 500 | _aÍndexs. Glossari (p. 126-127) | ||
| 500 | _aNom científic | ||
| 520 | _a125 | ||
| 522 | _aBarcelona | ||
| 591 | _a10959 | ||
| 592 | _aObra especialitzada | ||
| 593 | _aDM | ||
| 593 | _aDF | ||
| 594 | _a10959 | ||
| 650 | 0 |
_abotànica _961048 |
|
| 650 |
_aflora _962586 |
||
| 700 |
_963001 _aPanareda i Clopés, Josep M |
||
| 901 | _c<2006> | ||
| 902 | _a070926 | ||
| 942 |
_cMO _n0 _2ddc |
||
| 999 |
_c68863 _d68863 |
||